| 000 | 00694 a2200205 4500 | ||
|---|---|---|---|
| 020 | _a8181281837 | ||
| 020 | _a9788181281838 | ||
| 028 | 4 | 2 |
_a9780387951164 _bSpringer |
| 082 | _a515.353 | ||
| 090 |
_c1553 _d1553 |
||
| 100 | 1 | _aPerko, Lawrence. | |
| 245 | 1 | 0 |
_aDifferential equations and dynamical systems / _cLawrence Perko. |
| 250 | _a3rd ed. | ||
| 260 |
_a[S.l.] : _bSpringer, _c2006. |
||
| 300 |
_a556 p. ; _c24 cm. |
||
| 490 | 1 | _aTexts in applied mathematics. | |
| 830 | 0 | _aTexts in applied mathematics. | |
| 942 |
_aSNS _cBK _k515.353 PER |
||
| 999 |
_c30163 _d30163 |
||